| 000 | 00464cam a2200181ua 4500 | ||
|---|---|---|---|
| 020 | _c250.00 | ||
| 041 |
_aeng _h |
||
| 082 |
_a551.0162 _bSIN/TE |
||
| 100 | _aSingh, Parbin . | ||
| 245 |
_aText book of engineering and general geology / _cParbin Singh. _hTextual Documents |
||
| 250 |
_a7 / _b. |
||
| 260 |
_aDelhi : _bS K Kataria and sons , _c2008. |
||
| 300 | _a550 ; . | ||
| 365 | _a250.00 | ||
| 504 | _a | ||
| 942 | _cBK | ||
| 999 |
_c13400 _d13400 |
||